Представление документа в формате RUSMARC

ПолеНазваниеЗначение
  Тип записи a
  Библиографический уровень m
001 Контрольный номер RU/УОНБ/EK/522942741
005 Дата корректировки 20241101133201.6
010 Индекс ISBN __
a ISBN 978-5-7510-0662-4
d Цена 200 р.
9 Тираж 300 экз.
b Уточнения в пер.
100 Данные общей обработки __
a Данные общей обработки 20160727d2015 u y0rusy0189||||ca
101 Язык документа 0_
a Язык текста rus
102 Страна публикации __
a Страна публикации RU
105 Кодированные данные (монография) __
a Кодированные данные (монография) c z 001ay
200 Заглавие и сведения об ответственности 1_
a Заглавие Т. 2
e Сведения, относящиеся к заглавию шестая ред. романа "Мастер и Маргарита" (1938-1940)
f Первые сведения об ответственности [сост., текстол., публикатор, авт. предисл., коммент. Е.Ю. Колышева]
210 Выходные данные __
d Дата издания 2015
215 Физическое описание __
a Объем 812, [3] с.
c Иллюстрации/тип воспроизводства ил., портр.
320 Библиография __
a Библиография Библиогр. в подстроч. примеч.
461 Уровень набора _0
1 001RU/УОНБ/EK/522942316
1 2001
a Мастер и Маргарита
e полн. собр. черновиков романа. Основной текст
e в 2 т.
f М.А. Булгаков
v Т. 2
1 2101
a М.
c Пашков дом
d 2015 -
606 Тематические рубрики 0_
a Основная рубрика Проза (х. л.)
606 Тематические рубрики 0_
a Основная рубрика Русская литература
z Хронологическая подрубрика 20 в.
610 Ключевые слова 0_
a Ключевые слова проза русская 20 в.
610 Ключевые слова 0_
a Ключевые слова литература русская 20 в.
686 Индексы других классификаций __
a Классификационный индекс 84Р2-4
2 Код системы rubbk
686 Индексы других классификаций __
a Классификационный индекс 83.3(2=Рус)6-8
2 Код системы rubbk
702 Вторичная интеллектуальная ответственность _1
a Фамилия Колышева
b Имя (инициалы) Е.Ю.
4 Код отношения 220
4 Код отношения 080
801 Источник записи _0
a Страна RU
b Организация Ульяновская ОНБ
c Дата составления 20160727
g Правила каталогизации RCR
801 Источник записи _1
a Страна RU
b Организация Ульяновская ОНБ
c Дата составления 20160727
g Правила каталогизации RCR
901 Тип документа __
t Тип документа n
w Контрольный № источника RU/УОНБ/EK/522942316
909 Создатель записи __
a Создатель записи Мейснер
b Дата создания записи 20161107
938 Служебная информация __
a Имя БД books
b Имя библиотеки УОНБ
c Имя АИБС МАРК-SQL
d Номер DOC_ID в БД 325441